Culture Générale - Série 1781 - Statistiques

Statistiques générales
  • Ce quiz a été pris 157 fois
  • Le résultat moyen est 6 sur 10
Statistiques - réponses
Question Réponse % Correct
Quel pays a pour capitale Katmandou ? Népal
90%
Quel nom porte le logiciel de traitement de texte mis au point par Microsoft ? Word
83%
Quel peintre, né en 1844, est également appelé « le Douanier » ? Henri Rousseau
81%
Dans le langage familier, comment appelle-t-on la dent du petit enfant ? quenotte
66%
Comment appelle-t-on le versant de la montagne situé au soleil ? adret
59%
Quelle est la race du chien de l'Inspecteur Columbo ? basset
51%
À quel groupe musical international doit-on la bande originale du film "Flash Gordon" ? Queen
38%
Qu'est-ce qu'un grèbe ? oiseau
37%
À quel réalisateur français doit-on le film "Banzaï" ? Claude Zidi
31%
Comment est également appelée la « Transat Jacques Vabre » ? La route du café
21%
Aucun quiz correspondant
Distribution des résultats
% des personnes avec chaque résultat
Percentile par nombre de réponses
Votre historique - résultats
Vous n’avez pas pris ce quiz